<?xml version="1.0" encoding="UTF-8"?>
<record
    xmlns:xsi="http://www.w3.org/2001/XMLSchema-instance"
    xsi:schemaLocation="http://www.loc.gov/MARC21/slim http://www.loc.gov/standards/marcxml/schema/MARC21slim.xsd"
    xmlns="http://www.loc.gov/MARC21/slim">

  <leader>01391nam a2200289Ia 4500</leader>
  <controlfield tag="003">OSt</controlfield>
  <controlfield tag="005">20200924003157.0</controlfield>
  <controlfield tag="008">191128s2006    ck adb gr     000 0dspa d</controlfield>
  <datafield tag="020" ind1=" " ind2=" ">
    <subfield code="a">958947957X</subfield>
  </datafield>
  <datafield tag="040" ind1=" " ind2=" ">
    <subfield code="a">CO-JMCR</subfield>
    <subfield code="c">CO-JMCR</subfield>
  </datafield>
  <datafield tag="041" ind1="0" ind2=" ">
    <subfield code="a">spa</subfield>
  </datafield>
  <datafield tag="082" ind1="0" ind2="4">
    <subfield code="a">918.6162 /</subfield>
    <subfield code="b">M177p</subfield>
    <subfield code="2">23</subfield>
  </datafield>
  <datafield tag="100" ind1="1" ind2=" ">
    <subfield code="a">Mart&#xED;nez Betancourt, Jes&#xFA;s, </subfield>
    <subfield code="e">autor</subfield>
    <subfield code="9">10750</subfield>
  </datafield>
  <datafield tag="245" ind1="1" ind2="0">
    <subfield code="a">Pac&#xED;fico en llamas : </subfield>
    <subfield code="b">realidad socioecon&#xF3;mica de la costa nari&#xF1;ense / </subfield>
    <subfield code="c">Jes&#xFA;s Mart&#xED;nez Betancourt ; revisi&#xF3;n general, Jairo Puentes Palencia</subfield>
  </datafield>
  <datafield tag="250" ind1=" " ind2=" ">
    <subfield code="a">Primera edici&#xF3;n</subfield>
  </datafield>
  <datafield tag="260" ind1=" " ind2=" ">
    <subfield code="a">San Juan de Pasto : </subfield>
    <subfield code="b">Universidad de Nari&#xF1;o, </subfield>
    <subfield code="c">2006</subfield>
  </datafield>
  <datafield tag="300" ind1=" " ind2=" ">
    <subfield code="a">380 p&#xE1;ginas : </subfield>
    <subfield code="b">ilustraciones, gr&#xE1;ficos y mapas a blanco y negro ; </subfield>
    <subfield code="c">25 cm.</subfield>
  </datafield>
  <datafield tag="490" ind1="0" ind2=" ">
    <subfield code="a">Pensamiento Latinoamericano ; </subfield>
    <subfield code="v">6</subfield>
  </datafield>
  <datafield tag="500" ind1=" " ind2=" ">
    <subfield code="a">Incluye datos biogr&#xE1;ficos del autor en solapa. </subfield>
  </datafield>
  <datafield tag="504" ind1=" " ind2=" ">
    <subfield code="a">Bibliograf&#xED;a al final de cada cap&#xED;tulo.</subfield>
  </datafield>
  <datafield tag="505" ind1="0" ind2=" ">
    <subfield code="a">Teor&#xED;as del desarrollo, herramientas para entender nuestro mestizaje como identidad -- Crisis de las teor&#xED;as del desarrollo capitalista : pobreza y deterioro del medio ambiente, angustias globalizadas -- Pac&#xED;fico mundial, un potencial para aprovechar</subfield>
  </datafield>
  <datafield tag="650" ind1="1" ind2="4">
    <subfield code="a">Violencia</subfield>
    <subfield code="z">Nari&#xF1;o (Colombia)</subfield>
    <subfield code="9">10751</subfield>
  </datafield>
  <datafield tag="650" ind1="1" ind2="4">
    <subfield code="a">Pobreza</subfield>
    <subfield code="z">Nari&#xF1;o (Colombia)</subfield>
    <subfield code="9">10752</subfield>
  </datafield>
  <datafield tag="651" ind1=" " ind2="4">
    <subfield code="a">Nari&#xF1;o (Colombia)</subfield>
    <subfield code="x">condiciones socioecon&#xF3;micas</subfield>
    <subfield code="9">10753</subfield>
  </datafield>
  <datafield tag="700" ind1="1" ind2=" ">
    <subfield code="a">Puentes Palencia, Jairo, </subfield>
    <subfield code="e">revisor</subfield>
    <subfield code="9">10754</subfield>
  </datafield>
  <datafield tag="942" ind1=" " ind2=" ">
    <subfield code="2">ddc</subfield>
    <subfield code="c">BK</subfield>
  </datafield>
  <datafield tag="999" ind1=" " ind2=" ">
    <subfield code="c">6238</subfield>
    <subfield code="d">6238</subfield>
  </datafield>
  <datafield tag="952" ind1=" " ind2=" ">
    <subfield code="0">0</subfield>
    <subfield code="1">0</subfield>
    <subfield code="2">ddc</subfield>
    <subfield code="4">0</subfield>
    <subfield code="7">0</subfield>
    <subfield code="8">NFIC</subfield>
    <subfield code="a">CPL</subfield>
    <subfield code="b">CPL</subfield>
    <subfield code="d">2018-04-15</subfield>
    <subfield code="e">Donaci&#xF3;n</subfield>
    <subfield code="o">918.6162 / M177p </subfield>
    <subfield code="p">430012252</subfield>
    <subfield code="r">2024-05-16 00:00:00</subfield>
    <subfield code="t">Ej.1</subfield>
    <subfield code="y">BK</subfield>
  </datafield>
</record>
